forest economics : សេដ្ខកិច្ចព្រៃឈើ (Record no. 10180)
[ view plain ]
| 000 -LEADER | |
|---|---|
| fixed length control field | 00309nam a22001217a 4500 |
| 040 ## - CATALOGING SOURCE | |
| Transcribing agency | HS |
| 082 ## - DEWEY DECIMAL CLASSIFICATION NUMBER | |
| Classification number | 333 |
| 100 ## - MAIN ENTRY--AUTHOR NAME | |
| Personal name | អ៊ុំ វេង |
| 245 ## - TITLE STATEMENT | |
| Title | forest economics : សេដ្ខកិច្ចព្រៃឈើ |
| 260 ## - PUBLICATION, DISTRIBUTION, ETC. (IMPRINT) | |
| Place of publication | RUA |
| Name of publisher | អ៊ុំ វេង |
| Year of publication | 2008 |
| 300 ## - PHYSICAL DESCRIPTION | |
| Number of Pages | 24p; |
| 942 ## - ADDED ENTRY ELEMENTS (KOHA) | |
| Koha item type | សៀវភៅភាសាខ្មែរ |
| 952 ## - LOCATION AND ITEM INFORMATION (KOHA) | |
| Withdrawn status [LOCAL, KOHA] | 0 |
| 952 ## - LOCATION AND ITEM INFORMATION (KOHA) | |
| Withdrawn status [LOCAL, KOHA] | 0 |
| Permanent Location | Date acquired | Koha item type | Lost status | Shelving location | Barcode | Current Location | Full call number |
|---|---|---|---|---|---|---|---|
| Library Block C | 2016-09-21 | សៀវភៅភាសាខ្មែរ | C016 | RUA056342 | Library Block C | 333 អ៊ុំ 2008 C016 Or | |
| Library Block C | 2016-09-21 | សៀវភៅភាសាខ្មែរ | C016 | A00090 | Library Block C | 333 អ៊ុំ 2008 C016 Or |